[Event "Helsingor Xtracon op"]
[Site "Helsingor"]
[Date "2019.07.26"]
[Round "8"]
[White "Warston, Hakan"]
[Black "Zierott, Jan"]
[Result "0-1"]
[WhiteElo "1656"]
[BlackElo "1783"]
[PlyCount "76"]
[EventDate "2019.07.20"]
[EventType "swiss"]
[EventRounds "10"]
[EventCountry "DEN"]
[SourceTitle "CBM 191 Extra"]
[Source "ChessBase"]
[SourceDate "2019.09.30"]
[SourceVersion "1"]
[SourceVersionDate "2019.09.30"]
[SourceQuality "1"]

1. d4 d5 2. c4 e6 3. Nc3 Nf6 4. cxd5 exd5 5. Bg5 c6 6. Qc2 Be6 7. e3 Nbd7 8. Bd3 Bd6 9. Nge2 h6 10. Bf4 Nb6 11. 0-0 0-0 12. Rac1 Nh5 13. Bxd6 Qxd6 14. f3 f5 15. e4 fxe4 16. fxe4 dxe4 17. Nxe4 Qe7 18. N4c3 Nd5 19. Nxd5 Bxd5 20. Nc3 Qe3+ 21. Kh1 Bxg2+ 22. Kxg2 Nf4+ 23. Rxf4 Rxf4 24. Bc4+ Kh8 25. Rf1 Rxd4 26. Ne2 Rd2 27. Qf5 Rxe2+ 28. Bxe2 Qxe2+ 29. Rf2 Qe7 30. Qg4 Re8 31. Rd2 Qe4+ 32. Qf3 Qxf3+ 33. Kxf3 Re7 34. h4 g6 35. Rd4 Kg7 36. Rf4 Rf7 37. Rxf7+ Kxf7 38. Kg4 Kf6 0-1

[Event "Helsingor Xtracon op"]
[Site "Helsingor"]
[Date "2019.07.24"]
[Round "6"]
[White "Zierott, Jan"]
[Black "Sidali, Elias Hulleberg"]
[Result "0-1"]
[WhiteElo "1783"]
[BlackElo "2041"]
[PlyCount "68"]
[EventDate "2019.07.20"]
[EventType "swiss"]
[EventRounds "10"]
[EventCountry "DEN"]
[SourceTitle "CBM 191 Extra"]
[Source "ChessBase"]
[SourceDate "2019.09.30"]
[SourceVersion "1"]
[SourceVersionDate "2019.09.30"]
[SourceQuality "1"]

1. d4 Nf6 2. Bg5 d5 3. Nd2 e6 4. Ngf3 c5 5. c3 Be7 6. Qc2 Nc6 7. e3 Qb6 8. dxc5 Qxc5 9. Bd3 h6 10. Bh4 e5 11. Nb3 Qb6 12. Bf5 e4 13. Nfd4 g6 14. Bxc8 Rxc8 15. 0-0 a5 16. a4 Nb4 17. Qe2 Nd3 18. Nb5 g5 19. Bg3 h5 20. h3 h4 21. Bh2 g4 22. hxg4 h3 23. Rfd1 hxg2 24. Rxd3 exd3 25. Qxd3 Nxg4 26. Qf5 Qe6 27. Qxe6 fxe6 28. Nd6+ Bxd6 29. Bxd6 Rh1+ 30. Kxg2 Rxa1 31. Nxa1 Rc4 32. Nc2 Rxa4 33. Kg3 Nf6 34. Nd4 Ne4+ 0-1

[Event "Helsingor Xtracon op"]
[Site "Helsingor"]
[Date "2019.07.20"]
[Round "1"]
[White "Zierott, Jan"]
[Black "Buchal, Stephan"]
[Result "0-1"]
[WhiteElo "1783"]
[BlackElo "2260"]
[PlyCount "158"]
[EventDate "2019.07.20"]
[EventType "swiss"]
[EventRounds "10"]
[EventCountry "DEN"]
[SourceTitle "CBM 191 Extra"]
[Source "ChessBase"]
[SourceDate "2019.09.30"]
[SourceVersion "1"]
[SourceVersionDate "2019.09.30"]
[SourceQuality "1"]

1. d4 d6 2. Bf4 g6 3. Nf3 Bg7 4. Nbd2 Nd7 5. e3 e5 6. Bg3 Qe7 7. dxe5 dxe5 8. c3 Ngf6 9. h3 0-0 10. Be2 b6 11. 0-0 Bb7 12. Qc2 h6 13. Rfd1 Kh7 14. Nc4 Ne4 15. Bh2 f5 16. Ncd2 Nd6 17. Nc4 Nxc4 18. Bxc4 Bxf3 19. gxf3 Rad8 20. Rd2 Nc5 21. Rad1 Qg5+ 22. Kh1 Rxd2 23. Qxd2 Qh5 24. Kg2 Qg5+ 25. Kh1 Qh5 26. Kg2 f4 27. Be2 Ne6 28. Qd7 Qg5+ 29. Kf1 Qf5 30. Kg2 Rd8 31. Qa4 Rxd1 32. Qxd1 Qg5+ 33. Kf1 fxe3 34. fxe3 Qxe3 35. Qd7 Ng5 36. Bg1 Qc1+ 37. Kf2 e4 38. f4 Qxf4+ 39. Ke1 e3 40. Qg4 Qxg4 41. hxg4 Be5 42. Bxe3 Ne4 43. Bf3 Nd6 44. Ke2 Nc4 45. Bc1 Bf6 46. Bd5 Ne5 47. Be6 Bg5 48. Bxg5 hxg5 49. Ke3 Kg7 50. b3 Kf6 51. Bc8 Ke7 52. Ke4 Kd6 53. Kd4 Nc6+ 54. Ke4 Ne7 55. Bb7 c6 56. Ba6 Nd5 57. Kd4 c5+ 58. Kd3 Ke5 59. Bc4 Nf6 60. Bf7 Nxg4 61. Bxg6 Kf4 62. Be8 Ne5+ 63. Ke2 g4 64. a4 a5 65. Bb5 Nf3 66. Bc6 Ne5 67. Bb7 g3 68. Ba8 Ng4 69. Bb7 Ne3 70. Kd3 Nf5 71. Bc6 Nd6 72. Ba8 Nf7 73. Bd5 Ne5+ 74. Ke2 Ng4 75. Kd3 Ne3 76. Bb7 Nd1 77. Kc4 Ke3 78. b4 Nxc3 79. Kxc3 cxb4+ 0-1

[Event "Hamburg HSK Christmas op 4th"]
[Site "Hamburg"]
[Date "2018.12.28"]
[Round "4"]
[White "Hinrichs, Winfried"]
[Black "Zierott, Jan"]
[Result "0-1"]
[WhiteElo "1551"]
[BlackElo "1792"]
[PlyCount "56"]
[EventDate "2018.12.27"]
[EventType "swiss"]
[EventRounds "7"]
[EventCountry "GER"]
[SourceTitle "CBM 188 Extra"]
[Source "ChessBase"]
[SourceDate "2019.02.26"]
[SourceVersion "1"]
[SourceVersionDate "2019.02.26"]
[SourceQuality "1"]

1. e4 c6 2. d4 d5 3. exd5 cxd5 4. Bd3 Nf6 5. Bf4 Bg4 6. Ne2 e6 7. h3 Bh5 8. Nd2 Bd6 9. Be5 Nc6 10. Bb5 0-0 11. Bxc6 bxc6 12. 0-0 c5 13. Bxd6 Qxd6 14. dxc5 Qxc5 15. Nb3 Qb6 16. g4 Bg6 17. Ng3 Rfc8 18. c3 a5 19. Qd4 Qb5 20. Qd2 Rab8 21. g5 Ne4 22. Nxe4 Bxe4 23. Nxa5 Qxa5 24. b4 Qa3 25. Rfc1 Rc4 26. Qf4 Rbc8 27. b5 Rxc3 28. Qe3 Rxc1+ 0-1

[Event "Blankenese op 2nd"]
[Site "Hamburg"]
[Date "2018.09.30"]
[Round "3.22"]
[White "Zierott, Jan"]
[Black "Topalov, Mihail"]
[Result "1-0"]
[WhiteElo "1761"]
[BlackElo "1936"]
[PlyCount "119"]
[EventDate "2018.09.29"]
[EventType "swiss"]
[EventRounds "7"]
[EventCountry "GER"]
[SourceTitle "EXT 2020"]
[Source "ChessBase"]
[SourceDate "2019.10.17"]
[SourceVersion "1"]
[SourceVersionDate "2019.10.17"]
[SourceQuality "1"]

1. d4 Nf6 2. Bg5 Ne4 3. Bf4 c5 4. f3 Qa5+ 5. c3 Nf6 6. d5 Qb6 7. Bc1 e6 8. e4 c4 9. Bxc4 Bc5 10. Nh3 0-0 11. dxe6 dxe6 12. Nd2 e5 13. g4 h5 14. Be2 Rd8 15. Qc2 hxg4 16. Nc4 Qc7 17. Ng5 b5 18. Ne3 Qb6 19. Nxg4 Nxg4 20. fxg4 Bf2+ 21. Kf1 Qf6 22. Nf3 Bh4 23. h3 Bg3 24. Kg2 Bf4 25. Bxf4 Qxf4 26. Rad1 Nd7 27. Bxb5 Rb8 28. Ba4 Bb7 29. Rhe1 Nc5 30. Rxd8+ Rxd8 31. Rd1 Rxd1 32. Qxd1 Bxe4 33. Qd8+ Kh7 34. Qh4+ Kg6 35. Qh5+ Kf6 36. g5+ Ke7 37. Bb5 Ne6 38. Kf2 Nxg5 39. Qxg5+ Qxg5 40. Nxg5 Bf5 41. h4 f6 42. Nf3 Kd6 43. Ke3 Bb1 44. a3 Bg6 45. Nd2 Bf7 46. Bc4 Bg6 47. Ne4+ Kc6 48. a4 f5 49. Bb5+ Kd5 50. c4+ Ke6 51. Ng5+ Kd6 52. b4 Bh5 53. c5+ Kd5 54. c6 Kd6 55. Nf3 f4+ 56. Kf2 e4 57. Nd4 e3+ 58. Ke1 Bg4 59. Be2 Bh3 60. Bf3 1-0

[Event "Hamburg HSK Christmas op 3rd"]
[Site "Hamburg"]
[Date "2017.12.27"]
[Round "1"]
[White "Kahlert, Thomas"]
[Black "Zierott, Jan"]
[Result "1-0"]
[WhiteElo "2205"]
[BlackElo "1787"]
[PlyCount "65"]
[EventDate "2017.12.27"]
[EventType "swiss"]
[EventRounds "7"]
[EventCountry "GER"]
[SourceTitle "CBM 182 Extra"]
[Source "ChessBase"]
[SourceDate "2018.02.23"]
[SourceVersion "1"]
[SourceVersionDate "2018.02.23"]
[SourceQuality "1"]

1. c4 e6 2. Nc3 Nf6 3. e4 d5 4. e5 Nfd7 5. d4 dxc4 6. Bxc4 c5 7. Nf3 Nb6 8. Bb3 cxd4 9. Qxd4 Qxd4 10. Nxd4 Bc5 11. Ndb5 Na6 12. Ne4 0-0 13. Bd2 Bd7 14. Nbd6 Bc6 15. Nxc5 Nxc5 16. Bc2 f6 17. exf6 gxf6 18. 0-0-0 Nd5 19. b4 Na6 20. b5 Rfd8 21. bxc6 Rxd6 22. cxb7 Rb8 23. Bf4 e5 24. Rxd5 Rxd5 25. Bb3 Nc7 26. Rd1 Kg7 27. Bxd5 exf4 28. Be4 Ne6 29. Rd7+ Kh8 30. Rxh7+ Kg8 31. Re7 Nc5 32. Rc7 Ne6 33. Bd5 1-0

[Event "Rostock SSC op 16th"]
[Site "Rostock"]
[Date "2017.07.26"]
[Round "2"]
[White "Zierott, Jan"]
[Black "Jeske, Holger"]
[Result "1-0"]
[WhiteElo "1780"]
[BlackElo "1949"]
[PlyCount "119"]
[EventDate "2017.07.26"]
[EventType "swiss"]
[EventRounds "7"]
[EventCountry "GER"]
[SourceTitle "EXT 2018"]
[Source "ChessBase"]
[SourceDate "2017.10.13"]
[SourceVersion "1"]
[SourceVersionDate "2017.10.13"]
[SourceQuality "1"]

1. d4 f5 2. g3 d6 3. Bg2 c6 4. Nf3 Qc7 5. Nc3 Nf6 6. Qd3 g6 7. e4 e5 8. dxe5 dxe5 9. Bg5 Bg7 10. Qc4 Nxe4 11. Nxe4 fxe4 12. Qxe4 0-0 13. 0-0 Be6 14. Rad1 Bd5 15. Rxd5 cxd5 16. Qxd5+ Kh8 17. c3 Nc6 18. Nd2 h6 19. Be3 Qf7 20. Qb5 Rfd8 21. Qa4 g5 22. h4 gxh4 23. Qxh4 Qf6 24. Qh5 Ne7 25. Be4 Rxd2 26. Bxd2 Rd8 27. Be3 b6 28. Kg2 Nd5 29. Bc1 Nc7 30. Rh1 Kg8 31. Qf5 Qxf5 32. Bxf5 Rd6 33. Bg4 Kf7 34. Rd1 Rxd1 35. Bxd1 Ke6 36. Kf3 Ne8 37. Bb3+ Kf6 38. Be3 Nd6 39. Bd5 Nf5 40. Bd2 h5 41. g4 hxg4+ 42. Kxg4 Nh6+ 43. Kh5 Nf7 44. b3 Bf8 45. c4 Bc5 46. f3 a5 47. Kg4 Bd4 48. Bxf7 Kxf7 49. Kf5 Ke7 50. Bg5+ Kd6 51. Ke4 Bb2 52. Bf6 Ke6 53. Bd8 Bd4 54. f4 Bc5 55. fxe5 Bg1 56. Bg5 Bc5 57. Bd2 Bg1 58. Bc3 Bc5 59. Bd4 Bxd4 60. Kxd4 1-0

[Event "Hamburg HSK Christmas op 1st"]
[Site "Hamburg"]
[Date "2015.12.28"]
[Round "4"]
[White "Zierott, Jan"]
[Black "Schermer, Denis"]
[Result "1/2-1/2"]
[WhiteElo "1784"]
[BlackElo "2062"]
[PlyCount "110"]
[EventDate "2015.12.27"]
[EventType "swiss"]
[EventRounds "7"]
[EventCountry "GER"]
[SourceTitle "EXT 2022"]
[Source "ChessBase"]
[SourceDate "2021.10.06"]
[SourceVersion "1"]
[SourceVersionDate "2021.10.06"]
[SourceQuality "1"]

1. d4 Nf6 2. Bg5 c5 3. Nf3 Qb6 4. Nc3 e6 5. Rb1 d5 6. Bxf6 gxf6 7. e4 dxe4 8. Nxe4 Nd7 9. dxc5 Qb4+ 10. Nfd2 Bxc5 11. c3 Qb6 12. Nc4 Qc6 13. Qf3 f5 14. Ned6+ Bxd6 15. Qxc6 bxc6 16. Nxd6+ Ke7 17. Rd1 Rb8 18. b3 Nb6 19. Nxc8+ Rhxc8 20. c4 c5 21. Be2 Nd7 22. f4 Rc6 23. 0-0 Nf6 24. Bd3 Rd8 25. Bc2 Rcd6 26. Rxd6 Rxd6 27. Rd1 Rxd1+ 28. Bxd1 Ne4 29. Bf3 Nc3 30. a4 Na2 31. Kf2 Nc1 32. Bd1 f6 33. Bc2 Na2 34. Ke3 Nb4 35. Bb1 a6 36. Kf3 Kd6 37. Ke3 Nc6 38. Bc2 Nd4 39. Bd1 e5 40. g3 Ke6 41. Kd3 Kd6 42. Ke3 Ke6 43. Kd3 Nc6 44. Ke3 Nd8 45. Bc2 Nf7 46. Bd1 Nh6 47. h3 Ng8 48. Kd3 Ne7 49. Ke3 Nc6 50. Kd3 Kd6 51. Ke3 Nd4 52. Kd3 Kc6 53. Ke3 Ne6 54. Bh5 Kd6 55. Bd1 Nd4 1/2-1/2

[Event "Hamburg Robinow op"]
[Site "Hamburg"]
[Date "2005.10.08"]
[Round "8"]
[White "Klinkow, Alexander"]
[Black "Zierott, Jan"]
[Result "0-1"]
[WhiteElo "1772"]
[BlackElo "1609"]
[PlyCount "138"]
[EventDate "2005.10.01"]
[EventType "swiss"]
[EventRounds "9"]
[EventCountry "GER"]
[SourceTitle "CBM 108 Extra"]
[Source "ChessBase"]
[SourceDate "2005.11.04"]
[SourceVersion "1"]
[SourceVersionDate "2005.11.04"]
[SourceQuality "1"]

1. d4 d5 2. c4 c6 3. Nc3 Nf6 4. Nf3 dxc4 5. a4 Bg4 6. Ne5 Bh5 7. Nxc4 e6 8. Be3 Bb4 9. Qb3 a5 10. f3 Nbd7 11. Kf2 Nd5 12. g3 Nxe3 13. Nxe3 0-0 14. Nc2 Nf6 15. e3 c5 16. Be2 cxd4 17. Nxd4 Rc8 18. Rhd1 Qe7 19. Ndb5 Rfd8 20. Rxd8+ Rxd8 21. Qc4 Qc5 22. Qxc5 Bxc5 23. Na3 Nd5 24. Nc4 Nxc3 25. bxc3 Bg6 26. Nxa5 b6 27. Nb7 Rd5 28. Nxc5 Rxc5 29. Ra3 f6 30. e4 Be8 31. Ke3 e5 32. Kd2 Ra5 33. Rb3 Rxa4 34. Rxb6 Ra2+ 35. Ke1 Ra1+ 36. Kf2 Kf7 37. Bc4+ Kg6 38. Be6 Rc1 39. Rb3 Ba4 40. Ra3 Bb5 41. h4 Rc2+ 42. Ke1 Re2+ 43. Kd1 Re3 44. Kc2 Rxf3 45. Bf5+ Kh6 46. g4 g6 47. g5+ fxg5 48. hxg5+ Kxg5 49. Be6 Bd3+ 50. Kb3 Bxe4 51. Kb4 h5 52. Ra1 h4 53. Re1 Kf4 54. c4 g5 55. c5 Bc6 56. Rd1 h3 57. Ka5 h2 58. Kb6 Be4 59. c6 Bxc6 60. Kxc6 g4 61. Kd6 g3 62. Bh3 Rf2 63. Rh1 g2 64. Bxg2 Rxg2 65. Rf1+ Kg3 66. Kxe5 Rg1 67. Rf5 h1Q 68. Rg5+ Kf3 69. Rxg1 Qxg1 0-1

[Event "Hamburg Robinow op"]
[Site "Hamburg"]
[Date "2005.10.05"]
[Round "5"]
[White "Zierott, Jan"]
[Black "Knop, Hauke"]
[Result "0-1"]
[WhiteElo "1609"]
[BlackElo "2024"]
[PlyCount "96"]
[EventDate "2005.10.01"]
[EventType "swiss"]
[EventRounds "9"]
[EventCountry "GER"]
[SourceTitle "CBM 108 Extra"]
[Source "ChessBase"]
[SourceDate "2005.11.04"]
[SourceVersion "1"]
[SourceVersionDate "2005.11.04"]
[SourceQuality "1"]

1. d4 Nf6 2. Bg5 Ne4 3. Bf4 d5 4. f3 Nd6 5. Nd2 Nc6 6. e3 g6 7. Bd3 Nb4 8. Ne2 Nxd3+ 9. cxd3 Bg7 10. 0-0 0-0 11. Rc1 c6 12. e4 Qb6 13. e5 Nf5 14. Nb3 a5 15. a4 g5 16. Bxg5 Bxe5 17. Kh1 Bb8 18. g4 f6 19. Bf4 Bxf4 20. Nxf4 Nxd4 21. Nxd4 Qxd4 22. Qd2 Bd7 23. Rce1 e5 24. Nh5 Be8 25. Ng3 Bg6 26. Rf2 Qxd3 27. Qh6 Qd4 28. Rd2 Qf4 29. Qxf4 exf4 30. Nh5 Bxh5 31. gxh5 Rfe8 32. Rg1+ Kf7 33. h6 Rg8 34. Rd4 Rae8 35. Rxf4 Rxg1+ 36. Kxg1 Re1+ 37. Kf2 Rb1 38. Rg4 Rxb2+ 39. Kg3 b5 40. Rg7+ Kf8 41. Rxh7 bxa4 42. Rc7 Kg8 43. Rxc6 a3 44. Rc1 d4 45. Kf4 a2 46. Kf5 Rb1 47. Rc8+ Kh7 48. Kxf6 a1Q 0-1

[Event "Hamburg HSK DWZ op 1st"]
[Site "Hamburg"]
[Date "2002.09.29"]
[Round "5"]
[White "Zierott, Jan"]
[Black "Zoeller, Henning"]
[Result "1-0"]
[WhiteElo "1682"]
[BlackElo "1458"]
[PlyCount "63"]
[EventDate "2002.09.??"]
[EventType "swiss"]
[EventRounds "5"]
[EventCountry "GER"]
[SourceTitle "EXT 2006"]
[Source "ChessBase"]
[SourceDate "2005.11.24"]
[SourceVersion "1"]
[SourceVersionDate "2005.11.24"]
[SourceQuality "1"]

1. d4 Nf6 2. Nf3 d6 3. Bg5 h6 4. Bxf6 exf6 5. e3 Be7 6. Bd3 d5 7. c3 0-0 8. 0-0 Be6 9. Qb3 b6 10. Nbd2 c5 11. Qc2 c4 12. Bh7+ Kh8 13. Nh4 f5 14. Nxf5 Kxh7 15. Nxe7+ Kh8 16. Nf5 Nd7 17. Rae1 Nf6 18. f3 Qd7 19. Ng3 g6 20. e4 Nh5 21. Nxh5 gxh5 22. f4 dxe4 23. Qxe4 Bd5 24. Qe5+ Kh7 25. Qxh5 f5 26. g3 Rg8 27. Re5 Raf8 28. Rfe1 Qd6 29. Rxf5 Rf6 30. Rxf6 Qxf6 31. Qxd5 Qxf4 32. Qe4+ 1-0

[Event "Wichern op 5th"]
[Site "Hamburg"]
[Date "1999.10.22"]
[Round "9"]
[White "Zierott, Jan"]
[Black "Hansen, Torben"]
[Result "0-1"]
[WhiteElo "1653"]
[BlackElo "1440"]
[PlyCount "124"]
[EventDate "1999.10.15"]
[EventType "swiss"]
[EventRounds "9"]
[EventCountry "GER"]
[SourceTitle "EXT 2001"]
[Source "ChessBase"]
[SourceDate "2000.11.22"]
[SourceVersion "1"]
[SourceVersionDate "2000.11.22"]
[SourceQuality "1"]

1. c4 Nf6 2. Nc3 Nc6 3. d4 d6 4. e4 e5 5. d5 Nd4 6. Be3 c5 7. dxc6 Nxc6 8. f3 Be7 9. Nge2 0-0 10. Ng3 Ne8 11. Bd3 Bh4 12. a3 Ne7 13. Nd5 Be6 14. 0-0 Bxg3 15. hxg3 f5 16. Qc2 g6 17. Bg5 Bxd5 18. Bxe7 Qxe7 19. cxd5 Qg5 20. Qf2 Ng7 21. f4 Qe7 22. Rae1 Rae8 23. Qxa7 Qd7 24. Qb6 Qe7 25. exf5 Nxf5 26. Bxf5 Rxf5 27. g4 Rf7 28. fxe5 Rxf1+ 29. Kxf1 Qf7+ 30. Kg1 Qxd5 31. e6 Qc5+ 32. Qxc5 dxc5 33. Re5 b6 34. Kf2 Kf8 35. Ke3 Ke7 36. Ke4 Rf8 37. Kd5 Rf2 38. Re3 Rxb2 39. Rf3 Rd2+ 40. Ke5 Re2+ 41. Kd5 Rxe6 42. Rb3 Re2 43. Rxb6 Rxg2 44. Rb7+ Kf6 45. Rxh7 Rxg4 46. Kxc5 Ra4 47. Rh3 g5 48. Kb5 g4 49. Rc3 Rf4 50. a4 Rf3 51. Rc8 Kg5 52. a5 g3 53. Rc5+ Kg4 54. Rc4+ Kh3 55. a6 g2 56. a7 g1Q 57. a8Q Rb3+ 58. Rb4 Qf1+ 59. Kc5 Rc3+ 60. Kb6 Qf6+ 61. Kb5 Qe5+ 62. Kb6 Qc5+ 0-1

[Event "Wichern op 5th"]
[Site "Hamburg"]
[Date "1999.10.21"]
[Round "8"]
[White "Dangelowski, Peter"]
[Black "Zierott, Jan"]
[Result "1-0"]
[WhiteElo "1830"]
[BlackElo "1653"]
[PlyCount "101"]
[EventDate "1999.10.15"]
[EventType "swiss"]
[EventRounds "9"]
[EventCountry "GER"]
[SourceTitle "EXT 2001"]
[Source "ChessBase"]
[SourceDate "2000.11.22"]
[SourceVersion "1"]
[SourceVersionDate "2000.11.22"]
[SourceQuality "1"]

1. d4 d5 2. Bf4 Nf6 3. e3 e6 4. Nd2 b6 5. Bd3 Ba6 6. Bxa6 Nxa6 7. c3 Qc8 8. Ngf3 Be7 9. Ne5 c6 10. g4 0-0 11. g5 Nd7 12. Qg4 Nxe5 13. dxe5 Nc5 14. Qe2 Qa6 15. Qxa6 Nxa6 16. 0-0-0 Nc5 17. Kc2 a5 18. f3 b5 19. Rhg1 a4 20. a3 Rfd8 21. Rg4 Na6 22. h4 g6 23. h5 c5 24. hxg6 fxg6 25. Rh1 Kg7 26. Bg3 b4 27. Nb1 bxa3 28. Nxa3 Rab8 29. Rxa4 Rb6 30. f4 c4 31. Rb1 Rdb8 32. Bf2 Nc5 33. Ra7 Kf8 34. e4 dxe4 35. Rxe7 Rxb2+ 36. Rxb2 Rxb2+ 37. Kxb2 Nd3+ 38. Kc2 Kxe7 39. Bg3 Kd7 40. Nxc4 Kc6 41. Kd2 Kc5 42. Ne3 Kb5 43. Ng4 Nb2 44. Nf6 Nc4+ 45. Ke2 e3 46. Nxh7 Kc5 47. Nf8 Kd5 48. Nxg6 Ke4 49. Nh4 Nb6 50. g6 Nd5 51. g7 1-0

[Event "Wichern op 5th"]
[Site "Hamburg"]
[Date "1999.10.19"]
[Round "6"]
[White "Fliter, Irena"]
[Black "Zierott, Jan"]
[Result "1-0"]
[WhiteElo "1824"]
[BlackElo "1653"]
[PlyCount "72"]
[EventDate "1999.10.15"]
[EventType "swiss"]
[EventRounds "9"]
[EventCountry "GER"]
[SourceTitle "EXT 2001"]
[Source "ChessBase"]
[SourceDate "2000.11.22"]
[SourceVersion "1"]
[SourceVersionDate "2000.11.22"]
[SourceQuality "1"]

1. e4 e5 2. Nf3 Nc6 3. Bb5 Nf6 4. 0-0 a6 5. Ba4 d6 6. d3 Bg4 7. c3 b5 8. Bb3 Be7 9. Nbd2 0-0 10. Re1 Re8 11. Nf1 Na5 12. Bc2 c5 13. Ng3 d5 14. h3 Bxf3 15. Qxf3 d4 16. Nf5 Bf8 17. Bd1 h6 18. Qg3 Kh8 19. f4 Nc6 20. fxe5 Nxe5 21. Bf4 Ng6 22. Nd6 Bxd6 23. Bxd6 Rc8 24. Bf3 Re6 25. e5 Rxd6 26. exd6 Ne8 27. d7 Qxd7 28. Bg4 f5 29. Bh5 Nf8 30. Bxe8 Rxe8 31. Rxe8 Qxe8 32. Re1 Qd8 33. Qf3 Qf6 34. Re8 Kh7 35. Qd5 dxc3 36. bxc3 Ng6 1-0